[Event "15PCR_PF5"]
[Site "?"]
[Date "2004.??.??"]
[Round "?"]
[White "Jakimic, Viktor"]
[Black "Valenta, Josef"]
[Result "0-1"]
[WhiteElo "2110"]
[BlackElo "2110"]
[PlyCount "129"]
[EventDate "2004.??.??"]
[SourceDate "2005.03.08"]

1. d4 Nf6 2. c4 e6 3. Nf3 c5 4. e3 cxd4 5. exd4 d5 6. Nc3 Bb4 7. cxd5 exd5 8.
Bd3 O-O 9. O-O Bg4 10. Bg5 Bxc3 11. bxc3 Nbd7 12. h3 Bh5 13. c4 dxc4 14. Bxc4
Rc8 15. Rc1 h6 16. Qd3 hxg5 17. Nxg5 Nb6 18. Bb3 Rxc1 19. Rxc1 Nbd5 20. g3 Qa5
21. Rc5 Qe1+ 22. Qf1 Qxf1+ 23. Kxf1 Rd8 24. Bc2 Nb4 25. Bb3 Na6 26. Ra5 Rxd4
27. f4 Rd7 28. g4 Bg6 29. f5 Bh7 30. Bc4 Rc7 31. Bxa6 bxa6 32. Rxa6 Kf8 33. Kf2
Bg8 34. Nf3 Ne4+ 35. Ke3 Re7 36. Kf4 f6 37. Rc6 Bd5 38. Rc2 Kf7 39. h4 a5 40.
a3 a4 41. h5 Ng3 42. Kxg3 Re3 43. Rc7+ Kg8 44. g5 fxg5 45. Kg4 Bxf3+ 46. Kxg5
Bd5 47. Rc5 Ba2 48. Rc8+ Kh7 49. Rc7 Rxa3 50. Ra7 Kh8 51. Ra8+ Bg8 52. h6 Ra1
53. hxg7+ Kxg7 54. Ra7+ Bf7 55. f6+ Kf8 56. Ra8+ Be8 57. Kf5 Rd1 58. Ke6 Rd2
59. Ra7 Bd7+ 60. Ke5 Rd1 61. Ra8+ Kf7 62. Ra7 Kg6 63. Ra6 Bb5 64. Ra7 Re1+ 65.
Kd5 0-1